Normal view
MARC view
- Royal Institution of Chartered Surveyors
Entry Corporate Name
001 - CONTROL NUMBER
- control field: 4639
003 - CONTROL NUMBER IDENTIFIER
- control field: OSt
005 - DATE AND TIME OF LATEST TRANSACTION
- control field: 20190806150235.0
008 - FIXED-LENGTH DATA ELEMENTS
- fixed length control field: 040607n| aaannaabn |n ana d
040 ## - CATALOGING SOURCE
- Original cataloging agency: OSt
- Transcribing agency: OSt
110 ## - HEADING--CORPORATE NAME
- Corporate name or jurisdiction name as entry element: Royal Institution of Chartered Surveyors
- Subordinate unit: Project Management Faculty
410 ## - SEE FROM TRACING--CORPORATE NAME
- Corporate name or jurisdiction name as entry element: Project Management Faculty
410 ## - SEE FROM TRACING--CORPORATE NAME
- Corporate name or jurisdiction name as entry element: RICS Project Management Faculty
670 ## - SOURCE DATA FOUND
- Source citation: PFI and the skills of the project manager, 2003